000
00267nam a22001217a 4500
041
_a
ENG
100
_a
Kemp,W.H
245
_a
The Eenewabie Energy Handbook
260
_a
New Delhi
_b
New Society Pub
_c
2005
300
_a
567
650
_a
EOES
856
_u
EOES ( 39 )
999
_c
1322
_d
1322